00000000nam 2200000zi 4500
0019.949924
003CaOODSP
00520250822103917
006m     o  d f      
007cr cn|||||||||
008250409e20241124oncd    ob   f000 0 fre d
020 |a9780660768748
040 |aCaOODSP|bfre|erda|cCaOODSP
043 |an-cn---|af-sa---
0861 |aIu37-56/2025F-PDF
1001 |aDufour, Paul, |eauteur.
24510|aExploration de la coopération Canada-Afrique du Sud en science, technologie, innovation et connaissances (STIC) : |bInnovation, Sciences et Développement économique Canada (ISDE) et le ministère de la Science, de la Technologie et de l'Innovation de la République sud-africaine (MSTI) / |cPaul Dufour, Michael Kahn.
24610|aInnovation, Sciences et Développement économique Canada (ISDE) et le ministère de la Science, de la Technologie et de l'Innovation de la République sud-africaine (MSTI)
264 1|aOttawa (Ontario) : |bInnovation, sciences et développement économique Canada = Innovation, Science and Economic Development Canada : |bMinistère de la Science, de la technologie et de l'innovation de la République sud-africaine, |cLe 24 novembre 2024.
264 4|c©2025
300 |a1 ressource en ligne (35 pages) : |bgraphiques
336 |atexte|btxt|2rdacontent/fre
337 |ainformatique|bc|2rdamedia/fre
338 |aressource en ligne|bcr|2rdacarrier/fre
500 |aTitre de la couverture.
500 |aPublié aussi en anglais sous le titre : Canada-South Africa Science, Technology, Innovation and Knowledge (STIK) Cooperation : a report for Innovation, Science and Economic Development Canada (ISED) and South Africa's Department of Science, Technology and Innovation (DSTI).
504 |aComprend des références bibliographiques (pages 32, 34-35).
520 |a« À l'occasion du renouvellement, en novembre 2024, du PE bilatéral quinquennal sur la coopération en sciences et technologie (S et T) entre ISDE et le MSTI, ce rapport explore les directions passées et futures. Le rapport passe en revue le partenariat de plus de 30 ans entre le Canada et l'Afrique du Sud qui a vu le jour grâce au travail du Centre de recherches pour le développement international (CRDI) et du Mouvement démocratique de masse (MDM) de l'Afrique du Sud » -- Résumé, page 7.
650 6|aPolitique scientifique et technique|zCanada.
650 6|aPolitique scientifique et technique|zAfrique du Sud.
650 6|aTechnologie et relations internationales|zCanada.
650 6|aTechnologie et relations internationales|zAfrique du Sud.
650 6|aInnovations|zCanada.
650 6|aInnovations|zAfrique du Sud.
7101 |aCanada. |bInnovation, sciences et développement économique Canada, |eorganisme de publication.
77508|tCanada-South Africa Science, Technology, Innovation and Knowledge (STIK) cooperation : |w(CaOODSP)9.949922
85640|qPDF|s670 Ko|uhttps://publications.gc.ca/collections/collection_2025/isde-ised/Iu37-56-2025-fra.pdf
8564 |qHTML|sS.O.|uhttps://ised-isde.canada.ca/site/isde/fr/exploration-cooperation-canada-afrique-sud-science-technologie-innovation-connaissances-stic